000 00786nam a22001817a 4500
003 IT-RoPau
005 20220918175937.0
008 130107b xxu||||| |||| 00| 0 eng d
040 _cIT-RoPau
100 _aAlberione Giacomo
_cssp
_9112
245 _aSguardo su Cristo Maestro nell'intuizione di don Alberione
_b(la preghiera paolina)
250 _a1° ed.
260 _aRoma
_bFiglie di San Paolo Casa Generalizia
_c1980
300 _a84 p.
_c20,5 cm
490 _a1
520 _aINDICE Prefazione; Le note specifiche della nostra preghiera nel riferimento a Gesù Maestro; L'Eucaristia: preghiera qualificante la nostra spiritualità; La Visita al SS. Sacramento: adorazione e "scuola" del Divin Maestro; La vita nella preghiera; La "missione" nella preghiera.
942 _2ddc
_cBK
999 _c37714
_d37714